Caatinga

Detalles Bibliográficos
Autor Corporativo: Escola Superior de Agricultura de Mossoró
Formato: Electrónico Revista
Lenguaje:portugués
Publicado: Mossoró, Rio Grande do Norte, Brasil : Escola Superior de Agricultura de Mossoró, Ministerio da Educação e Cultura
Materias:
Acceso en línea:Full text available from Research Library: 01/01/2006 to present

MARC

LEADER 00000nas a2200000 a 4500
001 ssj0000393874
003 WaSeSS
005 20200512172242.0
006 m d
007 cr n
008 881014u1976uuuubl uu p s 0 0por c
010 |a sn 88037621  
015 |a 021066264  |2 dnb 
016 7 |a 2032313-X  |2 DE-600 
016 7 |a 011739167  |2 Uk 
016 7 |a 021066264  |2 DE-101 
022 |a 1983-2125  |l 0100-316X  |y 0100-316X 
035 |a (WaSeSS)ssj0000393874 
040 |a IXA  |b eng  |c IXA  |d COO  |d OCLCQ  |d AGL  |d OCLCQ  |d GBVCP  |d UKMGB  |d OCLCQ  |d OCLCF  |d CUS  |d OCLCO  |d RDF  |d WaSeSS 
042 |a pcc 
043 |a s-bl--- 
050 4 |a S475.B72  |b R5252 
070 0 |a S475.B72  |b R5252 
072 0 |a A000 
245 0 0 |a Caatinga  |h [electronic resource]. 
246 1 |a Revista Caatinga 
260 |a Mossoró, Rio Grande do Norte, Brasil :  |b Escola Superior de Agricultura de Mossoró, Ministerio da Educação e Cultura 
362 1 |a Began in 1976. 
506 |a License restrictions may limit access. 
588 |a Description based on: Vol. 3, nos. 1/2 (dez. 1978). 
588 |a Latest issue consulted: Vol. 4, nos. 1/2 (dez. 1984). 
650 0 |a Agriculture  |z Brazil  |z Rio Grande do Norte  |v Periodicals. 
650 7 |a Agriculture.  |2 fast  |0 (OCoLC)fst00801355 
651 7 |a Brazil  |z Rio Grande do Norte.  |2 fast  |0 (OCoLC)fst01205593 
655 0 |a Electronic journals. 
710 2 |a Escola Superior de Agricultura de Mossoró. 
850 |a NIC  |a TxU  |a DNAL 
856 4 0 |z Full text available from Research Library: 01/01/2006 to present  |u https://search.proquest.com/publication/546312